Výživa a krmení vykrmovaného skotu /

Hlavní autor: Čermák, Bohuslav, 1941-2016
Jazyk: Čeština
Vydáno: Praha : Institut výchovy a vzdělávání Ministerstva zemědělství ČR, 1999
Vydání: Vyd. 1.
Edice: Živočišná výroba (Institut výchovy a vzdělávání Ministerstva zemědělství ČR)
Témata:
Externí odkaz: Digitalizovaný dokument
Fyzický popis: 20 s. ; 21 cm
Knihy
Uloženo v:
LEADER 01538nam a2200397 a 4500
001 000412468
003 CZ BrMZK
005 20121114091705.0
007 ta
008 010907s1999 xr f cze d
015 |a cnb000703439 
020 |a 80-7105-179-9 
035 |a (OCoLC)42975790 
040 |a BOA001  |b cze 
080 |a 636.084.4  |2 MRF 
080 |a 636.085  |2 MRF 
080 |a (036)  |2 MRF 
080 |a 636.2.033  |2 MRF 
100 1 |a Čermák, Bohuslav,  |d 1941-2016  |7 jn19981002562  |4 aut 
245 1 0 |a Výživa a krmení vykrmovaného skotu /  |c Bohuslav Čermák 
250 |a Vyd. 1. 
260 |a Praha :  |b Institut výchovy a vzdělávání Ministerstva zemědělství ČR,  |c 1999 
300 |a 20 s. ;  |c 21 cm 
490 1 |a Živočišná výroba 
500 |a Bibliogr. 
500 |a Dostupné též v digitální podobě v aplikaci Kramerius 
650 0 7 |a výživa hospodářských zvířat  |7 ph135111  |2 czenas 
650 0 7 |a masný skot  |7 ph115234  |2 czenas 
650 0 7 |a krmení hospodářských zvířat  |7 ph134862  |2 czenas 
655 7 |a informační publikace  |7 fd132454  |2 czenas 
830 0 |a Živočišná výroba (Institut výchovy a vzdělávání Ministerstva zemědělství ČR)  |0 s 
856 4 1 |u http://www.digitalniknihovna.cz/mzk/uuid/uuid:783e11a0-6c08-11e5-9e57-005056827e52  |y Digitalizovaný dokument  |x NDK 
910 |a BOA001  |b 2-1058.377 
964 |a Skot jatečný  |x výživa  |x krmení 
990 |a BK 
996 6 |b 2610091370  |c 2-1058.377  |l MZK  |r Sklad / do 1 hodiny  |n 24  |p p.v.  |w 000412468  |u 000010  |a 1  |e BOA001  |j MZK50  |s P